European countries with six letters in alphabetical order - Statistics

General Stats
  • This quiz has been taken 45 times
  • The average score is 9 of 10
Answer Stats
Answer % Correct
France
97%
Norway
95%
Greece
92%
Monaco
92%
Sweden
92%
Latvia
90%
Poland
90%
Serbia
87%
Russia
82%
Kosovo
79%
No matching quizzes found
Score Distribution
Percent of People with Each Score
Percentile by Number Answered
Your Score History
You have not taken this quiz